Biswa Itihasar Rengani (Record no. 5207)

MARC details
000 -LEADER
fixed length control field 00480cam a2200181ua 4500
008 - FIXED-LENGTH DATA ELEMENTS--GENERAL INFORMATION
fixed length control field 131101n ii |||gr||||Z||||||asm
040 ## - CATALOGING SOURCE
Transcribing agency MAIN
082 ## - DEWEY DECIMAL CLASSIFICATION NUMBER
Classification number 909
245 ## - TITLE STATEMENT
Title Biswa Itihasar Rengani
Statement of responsibility, etc. By Nabin Chandra Goswami
250 ## - EDITION STATEMENT
Edition statement 2nd.
260 ## - PUBLICATION, DISTRIBUTION, ETC.
Place of publication, distribution, etc. Dibrugarh:
Name of publisher, distributor, etc. Pathyaputhi Prastuti Samanoy Samiti,
Date of publication, distribution, etc. 1974.
300 ## - PHYSICAL DESCRIPTION
Extent x,168p.
700 ## - ADDED ENTRY--PERSONAL NAME
Personal name Goswami,Nabin Chandra,
Relator term
942 ## - ADDED ENTRY ELEMENTS (KOHA)
Koha item type Books
653 ## - INDEX TERM--UNCONTROLLED
Uncontrolled term World history
653 ## - INDEX TERM--UNCONTROLLED
Uncontrolled term Biswa Itihasar Rengani
Holdings
Withdrawn status Lost status Damaged status Not for loan Home library Current library Shelving location Date acquired Total Checkouts Full call number Barcode Date last seen Copy number Price effective from Koha item type
        Central Library, Naharkatiya College Central Library, Naharkatiya College General Stacks 19/09/2020   909 | GOS 16368 19/09/2020 1 19/09/2020 Books

Naharkatiya College © 2020. All rights reserved.

Powered By